000 00208 a2200097 4500
001 3948
100 _aJohnson, C.L
245 _aAnalog computer techniques
260 _a
_bMcgrawhill
_c
090 _c3178
_d3178
942 _aNUST-CAE
_cM
_c24202
999 _c239021
_d239021